| 000 | 00921nam0a22002531 4500 | ||
|---|---|---|---|
| 001 | rc\766628 | ||
| 005 | 20250622124148.0 | ||
| 035 | _a(NLR Aleph) 006293712 | ||
| 090 |
_a7177349 _c7177349 |
||
| 100 | _a20040301d1985 |||y0rusy50 ca | ||
| 101 | 0 | _arus | |
| 102 | _aRU | ||
| 105 | _aa ||||||||| | ||
| 200 | 1 |
_aФигурное катание на коньках _e[Учеб. для ин-тов физ культуры _fА.Н. Мишин, В.Н. Писеев, А.М. Чайковский и др.] _gПод общ. ред. А.Н. Мишина |
|
| 210 |
_aМ. _cФизкультура и спорт _d1985 |
||
| 215 |
_a271 с. _cил. _d22 |
||
| 300 | _aАвт. указаны на 3-й с. | ||
| 320 | _aБиблиогр.: с. 269 | ||
| 701 | 1 |
_aМишин _bА.Н. _gАлексей Николаевич |
|
| 801 | 0 |
_aRU _bNLR _gpsbo |
|
| 801 | 1 |
_aRU _bELAR _2rusmarc |
|
| 852 |
_aNLR _j86-5/1966 |
||
| 942 | _cBOOK | ||
| 980 | _aNB | ||